<?xml version='1.0' encoding='UTF-8'?>
  <record xmlns="http://www.loc.gov/MARC21/slim">
    <leader>00000ctm a22000007i 4500</leader>
    <controlfield tag="001">ocn965407677</controlfield>
    <controlfield tag="003">OCoLC</controlfield>
    <controlfield tag="005">20250520023239.5</controlfield>
    <controlfield tag="008">100730q1400    xx            000 0 lat d</controlfield>
    <datafield tag="040" ind1=" " ind2=" ">
      <subfield code="a">QGJ</subfield>
      <subfield code="b">dut</subfield>
      <subfield code="c">QGJ</subfield>
      <subfield code="d">OCLCL</subfield>
      <subfield code="d">OCLCQ</subfield>
    </datafield>
    <datafield tag="035" ind1=" " ind2=" ">
      <subfield code="a">(OCoLC)965407677</subfield>
    </datafield>
    <datafield tag="100" ind1="0" ind2=" ">
      <subfield code="a">Albertanus Brixiensis,</subfield>
      <subfield code="d">1192?-1270?</subfield>
    </datafield>
    <datafield tag="245" ind1="1" ind2="0">
      <subfield code="a">Liber de doctrina dicendi et tacendi /</subfield>
      <subfield code="c">Albertanus Brixiensis.</subfield>
      <subfield code="f">UBU Hs. 133.</subfield>
    </datafield>
    <datafield tag="246" ind1="1" ind2=" ">
      <subfield code="a">Liber consolationis et consilii</subfield>
    </datafield>
    <datafield tag="246" ind1="1" ind2=" ">
      <subfield code="a">Liber de amore et dilectione Dei et proximi et aliarum rerum et de forma vitae</subfield>
    </datafield>
    <datafield tag="246" ind1="1" ind2=" ">
      <subfield code="a">Sermo inter causidicos super confirmatione vitae illorum</subfield>
    </datafield>
    <datafield tag="246" ind1="1" ind2=" ">
      <subfield code="a">Sermo super illuminatione et super spirituali et corporali refectione</subfield>
    </datafield>
    <datafield tag="246" ind1="1" ind2=" ">
      <subfield code="a">Tractatus de laudibus diurnis</subfield>
    </datafield>
    <datafield tag="260" ind1=" " ind2=" ">
      <subfield code="c">1400.</subfield>
    </datafield>
    <datafield tag="300" ind1=" " ind2=" ">
      <subfield code="a">125 fol. :</subfield>
      <subfield code="b">ill. ;</subfield>
      <subfield code="c">215 x 145 (155/160 x 90/100) mm.</subfield>
    </datafield>
    <datafield tag="336" ind1=" " ind2=" ">
      <subfield code="a">text</subfield>
      <subfield code="b">txt</subfield>
      <subfield code="2">rdacontent</subfield>
    </datafield>
    <datafield tag="337" ind1=" " ind2=" ">
      <subfield code="a">unmediated</subfield>
      <subfield code="b">n</subfield>
      <subfield code="2">rdamedia</subfield>
    </datafield>
    <datafield tag="338" ind1=" " ind2=" ">
      <subfield code="a">volume</subfield>
      <subfield code="b">nc</subfield>
      <subfield code="2">rdacarrier</subfield>
    </datafield>
    <datafield tag="340" ind1=" " ind2=" ">
      <subfield code="a">papier</subfield>
      <subfield code="k">34-38 regels, littera cursiva.</subfield>
    </datafield>
    <datafield tag="500" ind1=" " ind2=" ">
      <subfield code="a">Bevat behalve Albertani Brixiensis Liber de doctrina dicendi et tacendi (fol. 1-9v) ook: ejusdem autoris Liber consolationis et consilii (fol. 9v-43v), ejusdem autoris Liber de amore et dilectione Dei et proximi et aliarum rerum et de forma vitae (fol. 44r-109r), ejusdem autoris Sermo inter causidicos super confirmatione vitae illorum (fol. 109r-113r), ejusdem autoris Sermo super illuminatione et super spirituali et corporali refectione (fol. 113r-117r), Tractatus de laudibus diurnis (fol. 118r-125r).</subfield>
    </datafield>
    <datafield tag="500" ind1=" " ind2=" ">
      <subfield code="a">Fol. 1-117r zijn geschreven door Tielmannus Clawerdi (fol. 117r: Scripta et finita sunt hec a tielmanno filio clawerdi anno domini Millesimo et quadregentesimo Mense augusto die xviia).</subfield>
    </datafield>
    <datafield tag="500" ind1=" " ind2=" ">
      <subfield code="a">Tractatus de laudibus diurnis wordt toegeschreven aan Heinrich von Bitterfeld.</subfield>
    </datafield>
    <datafield tag="524" ind1=" " ind2=" ">
      <subfield code="a">Te citeren als: Universiteitsbibliotheek Utrecht Hs. 133.</subfield>
    </datafield>
    <datafield tag="563" ind1=" " ind2=" ">
      <subfield code="a">Contemporaine band, leer over houten platten, blindgestempeld met ruitpatroon van diagonale tripellijnen in een door tripellijnen gevormd rechthoekig kader, rest van een sluiting, rug is vernieuwd.</subfield>
    </datafield>
    <datafield tag="500" ind1=" " ind2=" ">
      <subfield code="a">Illustrations: Penwerkinitialen.</subfield>
    </datafield>
    <datafield tag="581" ind1=" " ind2=" ">
      <subfield code="a">[P.A. Tiele], Catalogus codicum manu scriptorum Bibliothecae Universitatis Rheno-Trajectinae. I. Trajecti ad Rhenum / Hagae Comitis 1887. p. 40.</subfield>
    </datafield>
    <datafield tag="581" ind1=" " ind2=" ">
      <subfield code="a">[A. Hulshof], Catalogus codicum manu scriptorum Bibliothecae Universitatis Rheno-Traiectinae. II. Traiecti ad Rhenum 1909. p. 12, 274.</subfield>
    </datafield>
    <datafield tag="581" ind1=" " ind2=" ">
      <subfield code="a">J.P. Gumbert, Manuscrits datés conservés dans les Pays-Bas. Vol. 2: Les manuscrits d'origine néerlandaise (XIVe-XVIe siècles) et Suppl. au tome premier. Leiden etc. 1988. p. 184 nr. 639, pl. 629.</subfield>
    </datafield>
    <datafield tag="581" ind1=" " ind2=" ">
      <subfield code="a">J. Gumbert, 'Handschriften in de bibliotheek van het Paulusklooster', in: De nalatenschap van de Paulusabdij in Utrecht. Red. H. van Engen en K. van Vliet. Hilversum 2012, p. [91]-102 (= Middeleeuwse studies en bronnen 130). p. 93-94.</subfield>
    </datafield>
    <datafield tag="581" ind1=" " ind2=" ">
      <subfield code="a">B. Jaski, 'Een codicologische queeste naar de oudste handschriften en handschriftfragmenten uit de bibliotheek van de Paulusabdij', in: De nalatenschap van de Paulusabdij in Utrecht. Red. H. van Engen &amp; K. van Vliet. Hilversum 2012, p. 103-169 (= Middeleeuwse studies en bronnen 130). p. 150, 164.</subfield>
    </datafield>
    <datafield tag="581" ind1=" " ind2=" ">
      <subfield code="a">P.O. Kristeller, Iter Italicum. Accedunt alia itinera. A finding list of uncatalogued or incompletely catalogued humanistic manuscripts of the Renaissance in Italian and other libraries IV (alia itinera II): Great Britain to Spain. London etc. 1989. p. 381.</subfield>
    </datafield>
    <datafield tag="581" ind1=" " ind2=" ">
      <subfield code="a">R. Lievens, 'Mellibeus en zijn inkunabel', in: E codicibus impressisque. Opstellen over het boek in de Lage Landen voor Elly Cockx-Indestege. I. Leuven 2004, p. 355-397. p. 357 nt. 4.</subfield>
    </datafield>
    <datafield tag="581" ind1=" " ind2=" ">
      <subfield code="a">Handschriften en oude drukken van de Utrechtse Universiteitsbibliotheek. Catalogus bij de tentoonstelling in het Centraal Museum te Utrecht ter gelegenheid van het 400-jarig bestaan van de bibliotheek der Rijksuniversiteit, 1584-1984. Utrecht 1984. p. 84-85 nr. 28.</subfield>
    </datafield>
    <datafield tag="530" ind1=" " ind2=" ">
      <subfield code="a">Also available in online version.</subfield>
    </datafield>
    <datafield tag="655" ind1=" " ind2="7">
      <subfield code="a">Handschriften (vorm)</subfield>
      <subfield code="0">(NL-LeOCL)088143309.</subfield>
      <subfield code="2">gtt</subfield>
    </datafield>
    <datafield tag="700" ind1="1" ind2=" ">
      <subfield code="a">Clawerdi, Tielmannus.</subfield>
    </datafield>
    <datafield tag="700" ind1="0" ind2=" ">
      <subfield code="a">Henricus,</subfield>
      <subfield code="c">de Bitterfeld,</subfield>
      <subfield code="d">-ca. 1405.</subfield>
      <subfield code="1">https://id.oclc.org/worldcat/entity/E39PBJk4CWhypWCKK3jt4ykbh3</subfield>
    </datafield>
    <datafield tag="710" ind1="2" ind2=" ">
      <subfield code="a">Benedictijner-Abdij van S. Paulus (Utrecht)</subfield>
      <subfield code="e">former owner.</subfield>
      <subfield code="4">fmo</subfield>
      <subfield code="5">NL-UtRU</subfield>
    </datafield>
    <datafield tag="758" ind1=" " ind2=" ">
      <subfield code="a">Liber de doctrina dicendi et tacendi UBU Hs. 133 (Text)</subfield>
      <subfield code="1">https://id.oclc.org/worldcat/entity/E39PCGJbKHWQgQMHfxbCbjVY8y</subfield>
      <subfield code="4">https://id.oclc.org/worldcat/ontology/hasWork</subfield>
    </datafield>
    <datafield tag="776" ind1="0" ind2="8">
      <subfield code="i">Online version:</subfield>
      <subfield code="a">Albertanus Brixiensis,</subfield>
      <subfield code="t">Liber de doctrina dicendi et tacendi /</subfield>
    </datafield>
    <datafield tag="856" ind1="4" ind2="1">
      <subfield code="u">http://objects.library.uu.nl/reader/resolver.php?obj=002318626&amp;type=2</subfield>
      <subfield code="x">Online</subfield>
      <subfield code="z">Full Text</subfield>
    </datafield>
    <datafield tag="936" ind1=" " ind2=" ">
      <subfield code="a">BATCHLOAD</subfield>
    </datafield>
  </record>